000 00570nam a2200145Ia 4500
008 100204s9999 xx 000 0 und d
082 _b5730
100 _aसावरकर विनायक दामोदर
245 _a1857 चे स्वातंत्र्यसमर
260 _b"वीर सावरकर प्रकाशन , मुंबई"
_c1982 3
300 _a400
630 _a1857 चे स्वातंत्र्यसमर
730 _a1857 चे स्वातंत्र्यसमर
942 _cBOOK
999 _c450271
_d450268